000 00768nas a2200253 4500
001 BR8006441
003 BR-BrBNA
005 20231205084422.0
007 ta
008 230509b bl.|||p| |||| 00| 00por d
040 _aBR-BrBNA
_bpor
_cBiblioteca Nacional de Agricultura
041 _a(Pt)
072 _aF00
100 1 _aGoepfert, C.F.
245 1 _aBeterraba: uma cultura de inverno, que serve tambem para a producao de alcool e forragem [Beta vulgaris]
650 _aBETERRABA ACUCAREIRA
650 _aALCOOL
650 _aFORRAGEM
650 _aCULTURA DE INVERNO
650 _aPRATICA CULTURAL
773 0 _tLavoura Pecuaria (Brazil)
_x
_g(Dec 1980), v. 3(14) p. 13-15
_wBR8006441
909 _a202311
_bLúcia
_c55
_dLúcia Elande
942 _2AGRIS
_n0
_cANA
999 _c105101
_d105101